000
00291nam a2200121Ia 4500
008
170224s9999 xx 000 0 und d
245
_a
Thinking About Patients in Pain
260
_b
American Journal of Nursing
260
_c
2016
300
_a
116:7
500
_a
July
650
_x
Nursing.
999
_c
316951
_d
316951